Facultad de Odontología.  Biblioteca.  Nodo central                      



header.jpg

Ingenieria Ambiental: (Registro nro. 9479)

Detalles MARC
000 -LEADER
campo de control de longitud fija 00657nam a22002057a 4500
003 - IDENTIFICADOR DE NÚMERO DE CONTROL
campo de control gtgcuscq
005 - FECHA Y HORA DE LA ÚLTIMA TRANSACCIÓN
campo de control 20260219145615.0
007 - CAMPO FIJO DE DESCRIPCIÓN FÍSICA--INFORMACIÓN GENERAL
campo de control de longitud fija ta
008 - DATOS DE LONGITUD FIJA--INFORMACIÓN GENERAL
campo de control de longitud fija 260219b |||||||| |||| 00| 0 sp d
020 ## - NÚMERO INTERNACIONAL ESTÁNDAR DEL LIBRO
Número Internacional Estándar del Libro 9786077073178
040 ## - FUENTE DE CATALOGACIÓN
Centro catalogador/agencia de origen gtgcuscq
Lengua de catalogación spa
Centro/agencia transcriptor gtgcuscq
Centro/agencia modificador gtgcuscq
Normas de descripción rda
082 ## - NÚMERO DE LA CLASIFICACIÓN DECIMAL DEWEY
Número de clasificación 628 I46
100 10 - ENTRADA PRINCIPAL--NOMBRE DE PERSONA
Nombre de persona Mihelcic, James. . [et al]. - -
9 (RLIN) 18458
245 10 - MENCIÓN DEL TÍTULO
Título Ingenieria Ambiental:
Resto del título fundamentos, sustentabilidad, diseño . /
Mención de responsabilidad, etc. James Mihelcic. . [et al]. - -
260 ## - PUBLICACIÓN, DISTRIBUCIÓN, ETC.
Lugar de publicación, distribución, etc. México:
Nombre del editor, distribuidor, etc. Alfahomega,
Fecha de publicación, distribución, etc. c2012.
300 ## - DESCRIPCIÓN FÍSICA
Extensión 696 p.;
Dimensiones 25 cm.
365 ## - PRECIO COMERCIAL
Cantidad Q280.00
650 ## - PUNTO DE ACCESO ADICIONAL DE MATERIA--TÉRMINO DE MATERIA
Término de materia o nombre geográfico como elemento de entrada tratamiento aguas
Subdivisión de forma recursos aire
Subdivisión general desperdicios solidos
9 (RLIN) 18459
942 ## - ELEMENTOS DE ENTRADA SECUNDARIOS (KOHA)
Fuente del sistema de clasificación o colocación Clasificación Decimal Dewey
Tipo de ítem Koha Libros
Suprimir en OPAC No
Existencias
Estatus retirado Estado de pérdida Fuente del sistema de clasificación o colocación Estado de daño No para préstamo Código de colección Biblioteca de origen Biblioteca actual Ubicación en estantería Fecha de adquisición Fuente de adquisición Número de inventario Total de préstamos Signatura topográfica completa Código de barras Visto por última vez Copia número Precio de reemplazo Tipo de ítem Koha
    Clasificación Decimal Dewey     No ficción Biblioteca del Centro Universitario de Quiché Biblioteca del Centro Universitario de Quiché Colección general 19/02/2026 Compra 50-H-985-17   628 I46 50-H-985-17 19/02/2026 c.1 19/02/2026 Libros